Wielki Test z serialu Chłopaki z Baraków - Statystyki

Ogólne statystyki
  • Ten quiz został rozwiązany 362 razy
  • Średni wynik to 16 z 25
Statystyki odpowiedzi
Zagadnienie Odpowiedź % Poprawnych
Jaki smak chipsów stał się przedmiotem dyskusji chłopaków w odcinku "Nigdy nie ufaj facetowi bez koszulki"? Jalapeno
95%
Gdzie przeprowadził się Ray po wyrzuceniu go z Sunnyvale? na wysypisko śmieci
93%
Jak nazywała się pacynka Bubbles'a, która służyła mu do brzuchomówstwa? Conky
90%
Czym zajmował się Bubbles zanim otworzył Kicioland? naprawiał i sprzedawał wózki sklepowe
80%
Który bohater zwykł powtarzać "Spadówa, mam robotę"? Cyrus
78%
Do kogo miał zakaz zbliżania się Ricky w sezonie piątym? do Cory'ego i Trevora
78%
Czyją własnością był model pociągu, którym chłopaki transportowali zioło do USA? Patricka Swayze
73%
Jakiego fast-foodu koneserem był Sam Losco? Hot Dogów
72%
Jak miała na imię dziewczyna Juliana, pracująca na komisariacie policji? Erica
71%
Jakiego zespołu muzycznego miłośnikiem jest Bubbles? Rush
70%
Za którego bohatera Gwiezdnych Wojen przebrali się Julian i Ricky w trakcie Halloween 1977? Chewbacca
69%
Jaki pseudonim nosił Randy, gdy pracował na ulicy? Smoky
66%
W jaki sposób chłopacy ukryli hasz skradziony od Cyrusa, Terry'ego i Dennisa? wyłożyli nim podjazd do baraku Ray'a
66%
Co musiał zrobić Ricky za to, że w obiecanym terminie nie przyniósł 5000$ za nowy barak? Pocałować Jima Lahey'a w pośladek
65%
Na co chłopacy zbierali fundusze przez cały sezon trzeci? na rejs wycieczkowcem
64%
Kim był Oscar Goldman? Kurczakiem
63%
Kto otrzymał od chłopaków przezwisko "Musztardowy Tygrys" Phil Collins
62%
Która z poniższych postaci nigdy nie pełniła funkcji Asystenta Strażnika Parkingu Sunnyvale? Julian
61%
Jak nazywał się raper z Moncoton, którego kawałki "pożyczył" J-Roc? Detroit Velvet Smooth
53%
Jak nazywa się w serialu postać, której ani razu nie widzimy, ale wielokrotnie słyszymy jak krzyczy ze swojego baraku? Donny
53%
Ile filmów pornograficznych łącznie nakręcił J-Roc z ekipą w sezonach 1-7? 3
51%
Na przedmieściach jakiego dużego kanadyjskiego miasta zlokalizowane było osiedle Sunnyvale? Halifax
47%
Kogo dotyczy tytuł odcinka "Trzech porządnych gości nie żyje" w sezonie 7? Jima Lahey'a, Randy'ego i Phila Collinsa
45%
Która z poniższych postaci nigdy nie trafiła za kratki na koniec sezonu? Jacob
27%
Jak mają na imię przybrani rodzice Juliana, którzy występują jedynie w sezonie 1? Levi & Desiree
25%
Nie znaleziono quizów pasujących do podanych kryteriów
Rozkład punktacji
Procent ludzi z każdym wynikiem
Percentyl według liczby udzielonych odpowiedzi
Twoja historia wyników
Nie rozwiązałeś tego quizu